000
00238nam a22000977a 4500
003
SGT
245
_a
ASIAN JOURNAL OF PHARMACEUTICAL & CLINICAL RESEARCH
260
_a
M.P
_b
INNOVATIVE ACADENIC SCIENCE
_c
2021
310
_a
5-8
942
_2
ddc
_c
BV
999
_c
29478
_d
29478